| 000 | 00436pab a2200145 454500 | ||
|---|---|---|---|
| 008 | 180718b2014 xxu||||| |||| 00| 0 eng d | ||
| 100 | _aGould-Williams, Julian S. et al | ||
| 245 | _aCivic duty and employee outcomes: Do high commitment human resource practices and work overload matter? | ||
| 260 | _c2014 | ||
| 300 | _ap.937-953. | ||
| 650 | _aHuman resources | ||
| 773 | _aPublic Administration | ||
| 908 | _aN | ||
| 909 | _a106913 | ||
| 999 |
_c106908 _d106908 |
||